| 000 | 00750nam a2200241 4500 | ||
|---|---|---|---|
| 003 | MX-MxINE | ||
| 005 | 20260530113916.0 | ||
| 008 | 260508t1979 it a|||| |||| 00| 0 ita d | ||
| 020 | _a285850024X | ||
| 040 |
_aMX-MxINE _bspa _cMX-MxINE _erda |
||
| 041 | _aita | ||
| 050 |
_aHD58.8 _bD67 |
||
| 245 | _aDesign et stratégie de l'entreprise | ||
| 264 |
_aParis : _bCentre Georges Pompidou: _bCentre de Création Industrielle, _c1979 |
||
| 300 |
_a59 páginas : _bilustraciones |
||
| 336 |
_2rdacontent _atexto |
||
| 337 |
_2rdamedia _asin medio |
||
| 338 |
_2rdacarrier _avolumen |
||
| 650 | 4 |
_aDiseño industrial _bAdministración _934078 |
|
| 650 | 4 |
_aEstrategia empresarial _934079 |
|
| 650 | 4 |
_aIdentidad corporativa _934080 |
|
| 942 |
_2lcc _n1 _cBK |
||
| 999 |
_c12287 _d12287 |
||